Artificial Intelligence (Record no. 5410)

MARC details
000 -LEADER
fixed length control field 00508nam a2200181Ia 4500
020 ## - INTERNATIONAL STANDARD BOOK NUMBER
International Standard Book Number 9780070087705
082 ## - DEWEY DECIMAL CLASSIFICATION NUMBER
Classification number 6.3
Item number RIC
100 ## - MAIN ENTRY--PERSONAL NAME
Personal name Rich,Elaine
245 ## - TITLE STATEMENT
Title Artificial Intelligence
250 ## - EDITION STATEMENT
Edition statement 3rd Ed.
260 ## - PUBLICATION, DISTRIBUTION, ETC. (IMPRINT)
Name of publisher, distributor, etc Tata McGraw Hill Education Private Limited
Place of publication, distribution, etc New Delhi
Year of Publication 2011
300 ## - PAGE DESCRIPTION
No. of Pages 568p.
650 ## - SUBJECT ADDED ENTRY--TOPICAL TERM
Topical term or geographic name as entry element COMPUTER SCIENCE
653 ## - KEYWORDS--INDEX TERM
Keyword term Artificial Intelligence,fuzzy logic,Genetic Algorithms,SPECIAL COMPUTER METHODS
700 ## - ADDED ENTRY--PERSONAL NAME
Personal name Knight,Kevin
700 ## - ADDED ENTRY--PERSONAL NAME
Personal name Nair,S.B
942 ## - ADDED ENTRY ELEMENTS (KOHA)
Source of classification or shelving scheme Dewey Decimal Classification
Koha item type Books
942 ## - ADDED ENTRY ELEMENTS (KOHA)
-- 9
Holdings
Withdrawn status Lost status Source of classification or shelving scheme Damaged status Not for loan Home library Current library Date acquired SGTU Total Checkouts Total Renewals Full call number Accession No. (Barcode) Date last seen Date last borrowed Bill Date Koha item type
    Dewey Decimal Classification     SGT Engineering Library SGT Engineering Library 22/05/2012 SGTU 11 2 6.3 RIC FE4516 26/11/2024 21/11/2024 09/02/2015 Books
    Dewey Decimal Classification     SGT Engineering Library SGT Engineering Library 22/05/2012 SGTU 7 1 6.3 RIC FE4517 03/10/2023 20/09/2023 09/02/2015 Books
    Dewey Decimal Classification     SGT Engineering Library SGT Engineering Library 22/05/2012 SGTU 4 1 6.3 RIC FE4518 25/08/2025 16/05/2024 09/02/2015 Books
    Dewey Decimal Classification     SGT Engineering Library SGT Engineering Library 22/05/2012 SGTU 7   6.3 RIC FE4519 05/03/2024 05/03/2024 09/02/2015 Books
    Dewey Decimal Classification     SGT Engineering Library SGT Engineering Library 22/05/2012 SGTU 7   6.3 RIC FE4520 29/12/2025 18/12/2025 09/02/2015 Books
    Dewey Decimal Classification     SGT Engineering Library SGT Engineering Library 22/05/2012 SGTU 12 3 6.3 RIC FE4521 17/02/2022 04/02/2022 09/02/2015 Books
Withdrawn   Dewey Decimal Classification     SGT Engineering Library SGT Engineering Library 22/05/2012 SGTU     6.3 RIC FE4522 09/02/2015   09/02/2015 Books
    Dewey Decimal Classification     SGT Engineering Library SGT Engineering Library 22/05/2012 SGTU 15 2 6.3 RIC FE4523 13/01/2025 04/01/2025 09/02/2015 Books
    Dewey Decimal Classification     SGT Engineering Library SGT Engineering Library 22/05/2012 SGTU 2   6.3 RIC FE4524 19/12/2023 09/10/2023 09/02/2015 Books
    Dewey Decimal Classification     SGT Engineering Library SGT Engineering Library 22/05/2012 SGTU 4 1 6.3 RIC FE4525 12/05/2026 29/04/2026 09/02/2015 Books
    Dewey Decimal Classification     SGT Engineering Library SGT Engineering Library 17/09/2013 SGTU     6.3 RIC FE6198 09/02/2015   09/02/2015 Books